书目信息 |
| 题名: |
Authware 5 多媒体制作实用教程
|
|
| 作者: | 冠群创作室 编著 | |
| 分册: | ||
| 出版信息: | 北京 机械工业出版社 1999.11 |
|
| 页数: | 215页 | |
| 开本: | 32开 | |
| 丛书名: | ||
| 单 册: | ||
| 中图分类: | TP311.56 | |
| 科图分类: | ||
| 主题词: | 软件 | |
| 电子资源: | ||
| ISBN: | 7-111-07535-8 | |
| 000 | 00607nam0 2200193 45 | |
| 001 | 0005110830 | |
| 005 | 20000511084436.1 | |
| 010 | @a7-111-07535-8@d23.00元 | |
| 100 | @a20000511d1999 km y0chiy0120 ea | |
| 101 | @achi | |
| 105 | @a z 000yy | |
| 200 | 1 | @aAuthware 5 多媒体制作实用教程@AAuthware 5 Duo Mei Ti Zhi Zuo Shi Yong Jiao Cheng@f冠群创作室编著@FGuan Qun Chuang Zuo Shi Bian Zhu |
| 210 | @a北京@c机械工业出版社@d1999.11 | |
| 215 | @a215页@d32开 | |
| 606 | 0 | @a软件 |
| 690 | @aTP311.56@v3 | |
| 701 | @a冠群创作室@4编著 | |
| 801 | @aCN@bPftUser@c20000511 | |
| 905 | @f2@b54451-452@dTP311.56@eG.120 | |
| Authware 5 多媒体制作实用教程/冠群创作室编著.-北京:机械工业出版社,1999.11 |
| 215页;32开 |
| ISBN 7-111-07535-8:23.00元 |
| ● |
| 相关链接 |
|
|
|
正题名:Authware 5多媒体制作实用教程
索取号:TP311.56/G.120
 
预约/预借
| 序号 | 登录号 | 条形码 | 馆藏地/架位号 | 状态 | 备注 |
| 1 | 54451 | 200544517 | 期刊室512/301自科库 43排3列3层/ [索取号:TP311.56/G.120] | 在馆 | |
| 2 | 54452 | 200544526 | 自科库301/ [索取号:TP311.56/G.120] | 在馆 |